All Red Velvet Songs (until Cosmic) - Statistics

General Stats
  • This quiz has been taken 33 times
  • The average score is 74 of 178
Answer Stats
Answer % Correct
Happiness
100%
Ice Cream Cake
100%
Be Natural (with Taeyong)
94%
Peek-A-Boo
88%
Red Flavor
88%
Bad Boy
81%
Candy
81%
Dumb Dumb
81%
Kingdom Come
81%
Zimzalabim
81%
Cosmic
75%
Power Up
75%
Psycho
75%
Queendom
75%
Rookie
75%
Automatic
69%
Day 1
69%
Feel My Rhythm
69%
I Just
69%
One Of These Nights
69%
Russian Roulette
69%
Umpah Umpah
69%
Zoo
69%
Chill Kill
63%
In & Out
63%
In My Dreams
63%
Like A Flower
63%
Perfect 10
63%
RBB (Really Bad Boy)
63%
Red Dress
63%
Stupid Cupid
63%
28 Reasons
56%
About Love
56%
Baby, Not Baby
56%
BAMBOLEO
56%
Birthday
56%
Blue Lemonade
56%
Bubble
56%
#Cookie Jar
56%
Cool Hot Sweet Love
56%
Hello
56%
Iced Coffee
56%
Look
56%
Lucky Girl
56%
Moonlight Melody
56%
Mr. E
56%
POSE
56%
Somethin Kinda Crazy
56%
All Right
50%
Hear the Sea
50%
Huff n Puff
50%
Mosquito
50%
My Second Date
50%
Sappy
50%
Some Love
50%
TILT
50%
Time Slip
50%
Underwater
50%
WILDSIDE
50%
Attaboy
44%
Bad Dracula
44%
Bing Bing
44%
Body Talk
44%
Bulldozer
44%
Butterflies
44%
Cool World
44%
Don't U Wait No More
44%
Hit That Drum
44%
Knock Knock (Who’s There?)
44%
Ladies Night
44%
Lady's Room
44%
La Rouge
44%
Light Me Up
44%
Mojito
44%
MONSTER
44%
My Dear
44%
Rose Scent Breeze
44%
Sunflower
44%
Sunny Side Up!
44%
Sweet Dreams
44%
Talk to Me
44%
Taste
44%
Time to Love
44%
Will I Ever See You Again?
44%
With You
44%
Aitai-tai
38%
Beg For Me
38%
Better Be
38%
Bye Bye
38%
Carpool
38%
‘Cause it’s you
38%
Eyes Locked, Hands Locked
38%
Fool
38%
Good, Bad, Ugly
38%
Heaven
38%
Hello, Sunset
38%
Irresistible
38%
Knock on Wood
38%
Last Drop
38%
Like Water
38%
Love Is The Way
38%
LP
38%
Marionette
38%
Milkshake
38%
Oh Boy
38%
One Kiss
38%
Parade
38%
Rainbow Halo
38%
Rebirth
38%
Remember Forever
38%
Sassy Me
38%
Scenery
38%
So Good
38%
Take It Slow
38%
Wings
38%
Would U
38%
You Better Know
38%
ZOOM
38%
Campfire
31%
First Time
31%
Happily Ever After
31%
Last Love
31%
Little Little
31%
Los Angeles
31%
Love Arcade
31%
Naughty
31%
Night Drive
31%
Nightmare
31%
On A Ride
31%
Praying
31%
Pushin’ N Pullin’
31%
Sunny Afternoon
31%
Trampoline
31%
Anywhere But Home
25%
Celebrate
25%
Color of Love
25%
Crown
25%
Dead Man Runnin'
25%
Diamond
25%
Girl Next Door
25%
Jumpin’
25%
Rollin' (with My Homies)
25%
Sayonara
25%
Snap Snap
25%
Swimming Pool
25%
What’s Your Problem? (feat. JULIE of KISS OF LIFE)
25%
Wish You Hell
25%
Bad Boy, Sad Girl (feat. BE'O)
19%
Best Friend (with Seulgi)
19%
I Feel Pretty
19%
Jackpot
19%
Jelly
19%
Je T'aime
19%
Summer Rain
19%
Uncover
19%
Weakness
19%
When This Rain Stops
19%
Wish Tree
19%
Beautiful Christmas (with Aespa)
13%
Feel Good
13%
Happy Birthday To You
13%
If Only (feat. Paul Kim)
13%
Ka-Ching
13%
The Road
13%
Why Can't You Love Me?
13%
Best Ever
6%
Be There For You
6%
Better Dayz
6%
Better Judgement
6%
Calling Me Back
6%
Day By Day
6%
His Car Isn't Yours
6%
Queen Of The Party
6%
Start Line
6%
Strawberry Silhouette
6%
Vermilion
6%
Whatever
6%
Winter Wish
6%
No matching quizzes found
Score Distribution
Percent of People with Each Score
Percentile by Number Answered
Your Score History
You have not taken this quiz